000 00310nam a2200133Ia 4500
008 191201s2011 xx 000 0 und d
100 _aHODGETTS,Richard M
245 0 _aInternational management culture
250 _aRep
260 _aN. delhi
_bTMH
_c2011
300 _a609
650 _aBBA
942 _2ddc
_cBK
999 _c5554
_d5554